00521nam a2200193 a 4500001001300000003000900013005001700022008004100039020002300080082001600103100001800119245005900137260003200196300000900228500003500237505001000272650002700282700001800309nice12345678IN_TiNIC20260116012806.0050524s1980 chia grp 000 0 eng  a0802487 c10000a207.11bGER aGerbr, Vergil aDiscipling Through Theological Education By Extension. aChicagobMoody Press c1980 a191p aincludes index and biblioraphy2 aIndex aTheological-Seminaries1 aGerbr, Vergil